<?xml version="1.0" encoding="UTF-8"?>
<record
    xmlns:xsi="http://www.w3.org/2001/XMLSchema-instance"
    xsi:schemaLocation="http://www.loc.gov/MARC21/slim http://www.loc.gov/standards/marcxml/schema/MARC21slim.xsd"
    xmlns="http://www.loc.gov/MARC21/slim">

  <leader>01544nam a22003017a 4500</leader>
  <controlfield tag="003">AR-BeUNQ</controlfield>
  <controlfield tag="005">20240603211904.0</controlfield>
  <controlfield tag="008">230530b        |||||||| |||| 00| 0 spa d</controlfield>
  <datafield tag="015" ind1=" " ind2=" ">
    <subfield code="a">AR-2022</subfield>
  </datafield>
  <datafield tag="020" ind1=" " ind2=" ">
    <subfield code="a">9789875457652</subfield>
  </datafield>
  <datafield tag="040" ind1=" " ind2=" ">
    <subfield code="a">AR-BaBN</subfield>
    <subfield code="b">spa</subfield>
    <subfield code="c">AR-BaBN</subfield>
    <subfield code="e">aacr</subfield>
    <subfield code="d">AR-BeUNQ</subfield>
  </datafield>
  <datafield tag="044" ind1=" " ind2=" ">
    <subfield code="a">ag</subfield>
    <subfield code="c">ar-c</subfield>
  </datafield>
  <datafield tag="100" ind1="1" ind2=" ">
    <subfield code="a">Bodoc, Liliana</subfield>
    <subfield code="d">1958-2018</subfield>
  </datafield>
  <datafield tag="245" ind1=" " ind2=" ">
    <subfield code="a">Elisa</subfield>
    <subfield code="b">la rosa inesperada</subfield>
    <subfield code="c">Liliana Bodoc</subfield>
  </datafield>
  <datafield tag="250" ind1=" " ind2=" ">
    <subfield code="a">2a ed., 1a reimpr.</subfield>
  </datafield>
  <datafield tag="260" ind1=" " ind2=" ">
    <subfield code="a">Ciudad de Buenos Aires: </subfield>
    <subfield code="b">Norma, </subfield>
    <subfield code="c">2022.</subfield>
  </datafield>
  <datafield tag="300" ind1=" " ind2=" ">
    <subfield code="a">221 p. :</subfield>
    <subfield code="b">il. ;</subfield>
    <subfield code="c">21 cm.</subfield>
  </datafield>
  <datafield tag="490" ind1="1" ind2=" ">
    <subfield code="a">Zona Libre</subfield>
  </datafield>
  <datafield tag="520" ind1="3" ind2=" ">
    <subfield code="a">Los diablos no viven en la villa, vienen a la villa a comer pajaritos. Su primera canci&#xF3;n de cuna fue una cumbia. Despu&#xE9;s, cuando Naranja Dulce sali&#xF3; de gira a buscarse un futuro, Elisa -entre la plancha y el rociado- eligi&#xF3; otra m&#xFA;sica. Acept&#xF3; una invitaci&#xF3;n que promet&#xED;a un paisaje diferente y algunas palabras en ingl&#xE9;s. Pero el diablo empuj&#xF3; su destino hacia el norte. All&#xED;, una voz de ni&#xF1;a de piedra y el silbido de un viejo la alertaron del peligro. Elisa siente la amenaza en el cuerpo, y solo podr&#xE1; aliviar su pena cuando encuentre sus propias palabras.</subfield>
    <subfield code="c">(Descripci&#xF3;n del editor).</subfield>
  </datafield>
  <datafield tag="650" ind1=" " ind2="7">
    <subfield code="a">Literatura (Arte)</subfield>
    <subfield code="2">spines</subfield>
  </datafield>
  <datafield tag="650" ind1=" " ind2="7">
    <subfield code="a">Literatura argentina</subfield>
    <subfield code="2">tell</subfield>
  </datafield>
  <datafield tag="650" ind1=" " ind2="7">
    <subfield code="a">Literatura juvenil</subfield>
    <subfield code="2">tell</subfield>
  </datafield>
  <datafield tag="655" ind1=" " ind2="7">
    <subfield code="a">Novelas</subfield>
    <subfield code="2">tell</subfield>
  </datafield>
  <datafield tag="751" ind1=" " ind2=" ">
    <subfield code="a">Buenos Aires</subfield>
    <subfield code="e">lugar de publicaci&#xF3;n</subfield>
    <subfield code="4">pup</subfield>
  </datafield>
  <datafield tag="830" ind1=" " ind2="0">
    <subfield code="a">Zona libre (Norma)</subfield>
  </datafield>
  <datafield tag="929" ind1=" " ind2=" ">
    <subfield code="a">COMPRA</subfield>
    <subfield code="b">C&#xFA;spide Libros S. A.</subfield>
    <subfield code="c">Exp. 827-2000/2023</subfield>
    <subfield code="d">4140</subfield>
    <subfield code="e">20231212</subfield>
    <subfield code="f">PAT0081071</subfield>
    <subfield code="h">4</subfield>
    <subfield code="j">62236</subfield>
  </datafield>
  <datafield tag="942" ind1=" " ind2=" ">
    <subfield code="c">LIB</subfield>
    <subfield code="2">ddc</subfield>
    <subfield code="n">0</subfield>
  </datafield>
  <datafield tag="999" ind1=" " ind2=" ">
    <subfield code="c">843</subfield>
    <subfield code="d">843</subfield>
  </datafield>
  <datafield tag="952" ind1=" " ind2=" ">
    <subfield code="0">0</subfield>
    <subfield code="1">0</subfield>
    <subfield code="a">BIBESET</subfield>
    <subfield code="b">BIBESET</subfield>
    <subfield code="c">circulacion</subfield>
    <subfield code="d">2023-04-15</subfield>
    <subfield code="l">0</subfield>
    <subfield code="o">Ar 863 BOD</subfield>
    <subfield code="p">60733</subfield>
    <subfield code="r">2023-05-30</subfield>
    <subfield code="t">1</subfield>
    <subfield code="w">2023-05-30</subfield>
    <subfield code="y">LIB</subfield>
  </datafield>
  <datafield tag="952" ind1=" " ind2=" ">
    <subfield code="0">0</subfield>
    <subfield code="1">0</subfield>
    <subfield code="a">BIBESET</subfield>
    <subfield code="b">BIBESET</subfield>
    <subfield code="c">circulacion</subfield>
    <subfield code="d">2023-04-15</subfield>
    <subfield code="l">0</subfield>
    <subfield code="o">Ar 863 BOD</subfield>
    <subfield code="p">60734</subfield>
    <subfield code="r">2023-05-30</subfield>
    <subfield code="t">2</subfield>
    <subfield code="w">2023-05-30</subfield>
    <subfield code="y">LIB</subfield>
  </datafield>
  <datafield tag="952" ind1=" " ind2=" ">
    <subfield code="0">0</subfield>
    <subfield code="1">0</subfield>
    <subfield code="a">BIBESET</subfield>
    <subfield code="b">BIBESET</subfield>
    <subfield code="c">circulacion</subfield>
    <subfield code="d">2023-04-15</subfield>
    <subfield code="l">0</subfield>
    <subfield code="o">Ar 863 BOD</subfield>
    <subfield code="p">60735</subfield>
    <subfield code="r">2023-05-30</subfield>
    <subfield code="t">3</subfield>
    <subfield code="w">2023-05-30</subfield>
    <subfield code="y">LIB</subfield>
  </datafield>
  <datafield tag="952" ind1=" " ind2=" ">
    <subfield code="0">0</subfield>
    <subfield code="1">0</subfield>
    <subfield code="a">BIBESET</subfield>
    <subfield code="b">BIBESET</subfield>
    <subfield code="c">circulacion</subfield>
    <subfield code="d">2024-06-03</subfield>
    <subfield code="l">0</subfield>
    <subfield code="o">Ar 863 BOD</subfield>
    <subfield code="p">62236</subfield>
    <subfield code="r">2024-06-03</subfield>
    <subfield code="t">4</subfield>
    <subfield code="w">2024-06-03</subfield>
    <subfield code="y">LIB</subfield>
  </datafield>
</record>
